000 00278nam a22001097a 4500
008 240710b |||||||| |||| 00| 0 eng d
100 _aMadivala, Chelanram
_916763
245 _aSindhi Jivan Kahanyu
260 _aBombay:
_bLok Sewa Mandal;
_c1964.
300 _a104p.
942 _cBK
999 _c39891
_d39891